000
00278nam a2200121Ia 4500
008
190216s9999||||xx |||||||||||||| ||und||
100
_a
Chatergee .p.n
245
0
_a
Mechanics
260
_b
Rajhans Prakashan Mandir
_c
1981
300
_a
192p
650
_a
Mechanics
942
_c
BK
999
_c
32959
_d
32959